Loading...
الرواية النسائية السعودية - خطاب المرأة وتشكيل السرد /
| Main Author: | |
|---|---|
| Format: | Printed Book |
| LEADER | 00494nam a2200109Ia 4500 | ||
|---|---|---|---|
| 008 | 150527150527b xxu||||| |||| 00| 0 ara d | ||
| 082 | |a 813.301 | ||
| 100 | |a جريدي سامي | ||
| 245 | |c by جريدي سامي |a الرواية النسائية السعودية - خطاب المرأة وتشكيل السرد / | ||
| 942 | |c BK | ||
| 999 | |c 172145 |d 172145 | ||
| 952 | |0 0 |1 0 |4 0 |6 813_301000000000000_جري_ا |7 0 |9 190816 |a ARA |b ARA |c ST1 |d 2015-05-27 |i 9389 |l 0 |o 813.301 جري/ا |p ARA009389 |r 2015-05-27 |w 2015-05-27 |y BK | ||